000 00308nam a2200121 a 4500
005 20141022141959.0
008 120306s19uu xx 00 eng d
050 _aCD-ROM
_bD36 2000
100 _aDeitel, H.M.
245 _aVisual basic 6 :
_bhow to program /
_cH.M. Deitel.
260 _c2000.
942 _cAVM
999 _c276153
_d276153